Rozwiń skrót państwa - Statystyki

Ogólne statystyki
  • Ten quiz został rozwiązany 344 razy
    336 od ostatniego zresetowania
  • Średni wynik to 8 z 12
Statystyki odpowiedzi
Skrót Rozwinięcie
skrótu
% Poprawnych
RPA Republika Południowej Afryki
94%
USA Stany Zjednoczone
88%
DRK Demokratyczna Republika Konga
87%
ZEA Zjednoczone Emiraty Arabskie
87%
BiH Bośnia i Hercegowina
76%
ZSRR Związek Socjalistycznych Republik Radzieckich
68%
RŚA Republika Środkowo Afrykańska
66%
WKS Wybrzeże Kości Słoniowej
59%
ChRL Chińska Republika Ludowa
56%
PRL Polska Rzeczpospolita Ludowa
47%
PNG Papua-Nowa Gwinea
35%
NRD Niemiecka Republika Demokratyczna
0%
Nie znaleziono quizów pasujących do podanych kryteriów
Rozkład punktacji
Procent ludzi z każdym wynikiem
Percentyl według liczby udzielonych odpowiedzi
Twoja historia wyników
Nie rozwiązałeś tego quizu od ostatniego zresetowania